Rozpoznaj zabytki po konturze - Statystyki

Ogólne statystyki
  • Ten quiz został rozwiązany 34 razy
  • Średni wynik to 4 z 8
Statystyki odpowiedzi
Obrazkowy Odpowiedź % Poprawnych
Krzywa Wieża
100%
Statua Wolności
96%
Wieża Eiffla
70%
Koloseum
44%
Pałac Kultury
30%
Partenon
11%
Panteon
7%
Santorini
0%
Nie znaleziono quizów pasujących do podanych kryteriów
Rozkład punktacji
Procent ludzi z każdym wynikiem
Percentyl według liczby udzielonych odpowiedzi
Twoja historia wyników
Nie rozwiązałeś tego quizu